000
00274nam a2200133Ia 4500
100
_a
Newman W etc
942
_c
BK
654
_a
Management
245
_a
The process of Manegement
260
_b
P.H.I
_a
New Delhi
_c
1970
300
_a
788
546
_a
ENGLISH
999
_c
21225
_d
21225